00638nam a22002057a 450000500170000001000120001702000100002903500130003903700160005208200100006810000180007824500780009626000420017427000470021630000200026365000210028365000200030465000540032465000540037820170828163734.0 aB-59597 c00.00 aB-059597 bCen Lib/Ret a020.3 aSharma, C. K. aDictionary of library, information science and network /cby C. K. Sharma aNew DelhibJBD Book Distributorc2002 a10149, KCP, Model BastibNew Delhie110005 a244p.c22cm(Hb) aLibraray Science aLibrary network aपुस्तकालय विज्ञान aपुस्तकालय नेटवर्क